| 000 | 00658nam a2200205Ia 4500 | ||
|---|---|---|---|
| 005 | 20260121110345.0 | ||
| 008 | 008 260114s9999 xx 000 0 hin d | ||
| 020 | _a9788132366218 | ||
| 037 | _aEBOOK | ||
| 040 |
_aCRL _bhin _cCRL |
||
| 041 |
_ahin _2hin |
||
| 084 | _qCRL | ||
| 100 |
_aश्रेया बजाज / Ashok Giri _9945178 |
||
| 245 | 0 | _aयोगासनों के गुण और लाभ / Yogasano ke gun aur laabh | |
| 260 |
_bभाषा प्रकाशन / Bhasha Prakashan _c2021 |
||
| 856 | _uhttps://bhashaprakashan.com/product-details/379478 | ||
| 942 | _cEBOOK | ||
| 999 |
_c1536842 _d1536842 |
||